[Event "SCO-ch 125th"]
[Site "Paisley"]
[Date "2018.07.15"]
[Round "9"]
[White "Bannink, Bernard"]
[Black "Tate, Alan"]
[Result "0-1"]
[WhiteElo "2206"]
[BlackElo "2352"]
[PlyCount "82"]
[EventDate "2018.07.07"]
[EventType "swiss"]
[EventRounds "9"]
[EventCountry "SCO"]
[SourceTitle "CBM 185 Extra"]
[Source "ChessBase"]
[SourceDate "2018.07.29"]
[SourceVersion "1"]
[SourceVersionDate "2018.07.29"]
[SourceQuality "1"]

1. d4 g6 2. e4 Bg7 3. Nc3 d6 4. Nf3 a6 5. Be3 b5 6. Bd3 Nd7 7. 0-0 Bb7 8. a4 b4 9. Na2 c5 10. c3 Ngf6 11. e5 dxe5 12. dxc5 e4 13. Nxb4 Nb8 14. c6 Bc8 15. Bf4 Qb6 16. a5 Qa7 17. Be2 exf3 18. Bxf3 Be6 19. c7 Nbd7 20. Be3 Qxc7 21. Bxa8 Ng4 22. g3 Nxe3 23. fxe3 Qa7 24. Bd5 0-0 25. Qe2 Bxd5 26. Nxd5 e6 27. Nb6 Ne5 28. b4 g5 29. Rad1 g4 30. e4 Qc7 31. c4 Nf3+ 32. Rxf3 gxf3 33. Qxf3 Rd8 34. Kg2 Rxd1 35. Qxd1 Bc3 36. Qb3 Qe5 37. Kh3 Qh5+ 38. Kg2 Qe2+ 39. Kh3 Qf1+ 40. Kg4 h5+ 41. Kxh5 Qf3+ 0-1

[Event "SCO-ch 125th"]
[Site "Paisley"]
[Date "2018.07.10"]
[Round "4"]
[White "Noordhoek, Henk P"]
[Black "Bannink, Bernard"]
[Result "0-1"]
[WhiteElo "2000"]
[BlackElo "2206"]
[PlyCount "70"]
[EventDate "2018.07.07"]
[EventType "swiss"]
[EventRounds "9"]
[EventCountry "SCO"]
[SourceTitle "CBM 185 Extra"]
[Source "ChessBase"]
[SourceDate "2018.07.29"]
[SourceVersion "1"]
[SourceVersionDate "2018.07.29"]
[SourceQuality "1"]

1. e4 c5 2. Nf3 e6 3. g3 Nc6 4. Bg2 d6 5. 0-0 Nf6 6. Nc3 e5 7. d3 Be7 8. h3 Rb8 9. Be3 Nd4 10. Nd2 b5 11. f4 g6 12. fxe5 dxe5 13. Nf3 b4 14. Nb1 Nxf3+ 15. Qxf3 Be6 16. Nd2 Nd7 17. c3 Bg5 18. d4 Bxe3+ 19. Qxe3 cxd4 20. cxd4 exd4 21. Qxd4 Qb6 22. Nf3 0-0 23. Rfd1 Rfc8 24. Ng5 Ne5 25. Qxb6 Rxb6 26. Nxe6 Rxe6 27. Rd4 Rc2 28. Rxb4 Rd6 29. Rb3 Rdd2 30. Bf3 Rxb2 31. Bd1 Rg2+ 32. Kh1 Rh2+ 33. Kg1 Rbg2+ 34. Kf1 Rd2 35. Ke1 Nd3+ 0-1

[Event "SCO-ch 125th"]
[Site "Paisley"]
[Date "2018.07.09"]
[Round "3"]
[White "Dunnington, Angus J"]
[Black "Bannink, Bernard"]
[Result "1-0"]
[WhiteElo "2383"]
[BlackElo "2206"]
[PlyCount "129"]
[EventDate "2018.07.07"]
[EventType "swiss"]
[EventRounds "9"]
[EventCountry "SCO"]
[SourceTitle "CBM 185 Extra"]
[Source "ChessBase"]
[SourceDate "2018.07.29"]
[SourceVersion "1"]
[SourceVersionDate "2018.07.29"]
[SourceQuality "1"]

1. Nf3 d5 2. e3 Nf6 3. c4 c6 4. Nc3 g6 5. Qb3 Bg7 6. d4 0-0 7. Bd2 dxc4 8. Bxc4 b5 9. Be2 a5 10. 0-0 Be6 11. Qc2 Na6 12. a3 a4 13. e4 Bb3 14. Qc1 Nd7 15. Bh6 Nb6 16. Bxg7 Kxg7 17. Bd1 Bc4 18. Be2 Bb3 19. Qe3 b4 20. axb4 Nxb4 21. Rac1 f6 22. Bd1 Bc4 23. Be2 Bb3 24. Nb1 Qd6 25. Nbd2 Be6 26. Qa3 Nd7 27. e5 fxe5 28. dxe5 Nxe5 29. Qc3 Na2 30. Qxe5+ Qxe5 31. Nxe5 Nxc1 32. Rxc1 Bd5 33. Ndc4 Rfb8 34. f4 Rb4 35. g3 Rab8 36. Rc2 Rd8 37. Kf2 Be4 38. Rc3 Rb3 39. Rxb3 axb3 40. Ke3 Bd5 41. Bd3 Ra8 42. Na3 c5 43. Kd2 g5 44. fxg5 Rf8 45. Ke3 Rc8 46. h4 h6 47. gxh6+ Kxh6 48. Nac4 Rg8 49. Kf4 Kg7 50. g4 Rf8+ 51. Kg3 Bg8 52. g5 Rd8 53. h5 Rxd3+ 54. Nxd3 Bxc4 55. Nxc5 Bf7 56. h6+ Kg6 57. Kf4 Bg8 58. Nd7 Bd5 59. Ne5+ Kh7 60. Ke3 Bg2 61. Kd4 Bh3 62. Kd5 Bf5 63. Kc6 Kg8 64. g6 Be6 65. Kc7 1-0

[Event "Gibraltar Masters 15th"]
[Site "Caleta"]
[Date "2017.01.29"]
[Round "6"]
[White "Eagleton, Greg T"]
[Black "Bannink, Bernard"]
[Result "0-1"]
[WhiteElo "2055"]
[BlackElo "2244"]
[PlyCount "36"]
[EventDate "2017.01.24"]
[EventType "swiss"]
[EventRounds "10"]
[EventCountry "GGB"]
[SourceTitle "CBM 177"]
[Source "ChessBase"]
[SourceDate "2017.03.16"]
[SourceVersion "1"]
[SourceVersionDate "2017.03.16"]
[SourceQuality "1"]

1. d4 d5 2. c4 dxc4 3. e3 Nf6 4. Bxc4 e6 5. Nf3 c5 6. 0-0 a6 7. a4 Nc6 8. Nc3 Qc7 9. Qe2 Be7 10. Bd2 0-0 11. Rac1 Rd8 12. dxc5 Bxc5 13. Rfd1 b6 14. Na2 a5 15. Bc3 Bb7 16. Bd4 Bxd4 17. exd4 Qf4 18. Ne5 Nxd4 0-1

[Event "Gibraltar Masters 15th"]
[Site "Caleta"]
[Date "2017.01.27"]
[Round "4"]
[White "Hewson, Brian Wr"]
[Black "Bannink, Bernard"]
[Result "1/2-1/2"]
[WhiteElo "2055"]
[BlackElo "2244"]
[PlyCount "162"]
[EventDate "2017.01.24"]
[EventType "swiss"]
[EventRounds "10"]
[EventCountry "GGB"]
[SourceTitle "CBM 177"]
[Source "ChessBase"]
[SourceDate "2017.03.16"]
[SourceVersion "1"]
[SourceVersionDate "2017.03.16"]
[SourceQuality "1"]

1. d4 d5 2. Nf3 Nf6 3. c4 c6 4. e3 Bg4 5. h3 Bxf3 6. Qxf3 e6 7. Bd3 Nbd7 8. 0-0 Be7 9. Nc3 0-0 10. Rd1 Bb4 11. Bd2 Ba5 12. b3 Re8 13. e4 e5 14. cxd5 exd4 15. Nb1 Ne5 16. Qe2 cxd5 17. exd5 Qxd5 18. Bc4 Nxc4 19. Qxc4 Qxc4 20. bxc4 Bb6 21. a4 Ne4 22. Be1 Rac8 23. a5 Bc5 24. Kf1 Be7 25. Ra4 Red8 26. f3 Nc5 27. Rb4 Rd7 28. Nd2 Nd3 29. Rb3 Ne5 30. Rdb1 Bd8 31. Rxb7 Bxa5 32. Rxd7 Nxd7 33. Rb7 Rc7 34. Rxc7 Bxc7 35. Bf2 Bf4 36. Nb3 Be3 37. c5 Kf8 38. c6 Nb6 39. Nxd4 Bxf2 40. Kxf2 g6 41. Ke3 Ke7 42. Nb5 a6 43. Nc7 a5 44. Nb5 a4 45. Kd4 a3 46. Nxa3 Kd6 47. f4 Kxc6 48. Nc2 Kd6 49. Ne3 Ke6 50. g4 f5 51. g5 Nc8 52. Nf1 Nd6 53. Ng3 Nb5+ 54. Ke3 Kd5 55. h4 Nd4 56. h5 Ne6 57. hxg6 hxg6 58. Ne2 Kc4 59. Nc1 Nc7 60. Ne2 Nd5+ 61. Kd2 Kb5 62. Ke1 Kc5 63. Kd1 Nb6 64. Kd2 Kc4 65. Ke3 Kc5 66. Kd3 Nd5 67. Kc2 Ne3+ 68. Kd2 Ng4 69. Kd3 Nf2+ 70. Ke3 Ne4 71. Nc1 Kd5 72. Nd3 Nd6 73. Nb4+ Kc5 74. Nd3+ Kd5 75. Nb4+ Ke6 76. Nc6 Nf7 77. Nd4+ Kd5 78. Nf3 Kc4 79. Nh4 Nh8 80. Nf3 Nf7 81. Nh4 Nh8 1/2-1/2

[Event "Gibraltar Masters 15th"]
[Site "Caleta"]
[Date "2017.01.25"]
[Round "2"]
[White "Skutta, Bernd"]
[Black "Bannink, Bernard"]
[Result "1-0"]
[WhiteElo "1957"]
[BlackElo "2244"]
[PlyCount "105"]
[EventDate "2017.01.24"]
[EventType "swiss"]
[EventRounds "10"]
[EventCountry "GGB"]
[SourceTitle "CBM 177"]
[Source "ChessBase"]
[SourceDate "2017.03.16"]
[SourceVersion "1"]
[SourceVersionDate "2017.03.16"]
[SourceQuality "1"]

1. d4 d5 2. Bf4 Nf6 3. e3 c5 4. c3 Nc6 5. Nd2 Qb6 6. Qb3 c4 7. Qc2 g6 8. e4 e6 9. Ngf3 Bg7 10. Be2 Nh5 11. Be3 Qc7 12. e5 f5 13. g4 fxg4 14. Ng5 Ne7 15. Bxg4 Nf5 16. Bxh5 gxh5 17. Qd1 h4 18. Qh5+ Kf8 19. Nxh7+ Kg8 20. Rg1 Qf7 21. Nf6+ Kf8 22. Qxf7+ Kxf7 23. Bg5 b5 24. Nf3 Rb8 25. Rg4 h3 26. Nh4 b4 27. 0-0-0 bxc3 28. bxc3 Bf8 29. Kc2 Ba3 30. Rb1 Rxb1 31. Kxb1 Ba6 32. Nd7 Rg8 33. Nxf5 exf5 34. Rg3 Bc8 35. Nf6 f4 36. Bxf4 Bf5+ 37. Ka1 Rb8 38. e6+ Kxf6 39. Bxb8 Kxe6 40. Re3+ Kf6 41. Be5+ Kf7 42. Rg3 Bd7 43. Rg7+ Ke6 44. Rg6+ Kf5 45. Ra6 Bc1 46. Rxa7 Be6 47. Kb1 Bd2 48. Kc2 Be1 49. a4 Ke4 50. a5 Kf3 51. a6 Bf5+ 52. Kb2 Ke2 53. Rg7 1-0

[Event "Barcelona Sant Marti op-A 18th"]
[Site "Barcelona"]
[Date "2016.07.14"]
[Round "2"]
[White "Bannink, Bernard"]
[Black "Arizmendi Martinez, Julen Luis"]
[Result "1/2-1/2"]
[WhiteElo "2232"]
[BlackElo "2501"]
[PlyCount "81"]
[EventDate "2016.07.13"]
[EventType "swiss"]
[EventRounds "9"]
[EventCountry "ESP"]
[SourceTitle "CBM 173 Extra"]
[Source "ChessBase"]
[SourceDate "2016.08.29"]
[SourceVersion "1"]
[SourceVersionDate "2016.08.29"]
[SourceQuality "1"]

1. d4 d5 2. Nf3 Nf6 3. e3 e6 4. Bd3 c5 5. b3 Nc6 6. Bb2 Bd6 7. Nbd2 0-0 8. 0-0 b6 9. Ne5 Bb7 10. f4 Rc8 11. a3 Ne7 12. Kh1 Ne4 13. Bxe4 dxe4 14. Ndc4 Bxe5 15. dxe5 Ba6 16. Qe2 Nf5 17. g4 Bxc4 18. bxc4 Nh4 19. Rad1 Qe7 20. f5 Qg5 21. Rf4 Rcd8 22. Rdf1 Nf3 23. Bc3 h5 24. Qg2 exf5 25. gxf5 Qxg2+ 26. Kxg2 Nd2 27. Bxd2 Rxd2+ 28. Kg3 Rxc2 29. Rxe4 Rd2 30. h3 Rd3 31. a4 g6 32. a5 bxa5 33. fxg6 a4 34. e6 fxg6 35. e7 Re8 36. Rf6 Kg7 37. Ra6 Rd7 38. Ree6 Rexe7 39. Rxg6+ Kh7 40. Rh6+ Kg7 41. Rxh5 1/2-1/2

[Event "Barcelona Sant Marti op-A 18th"]
[Site "Barcelona"]
[Date "2016.07.13"]
[Round "1"]
[White "Vargas Drechsler, Carlos"]
[Black "Bannink, Bernard"]
[Result "0-1"]
[WhiteElo "1943"]
[BlackElo "2232"]
[PlyCount "94"]
[EventDate "2016.07.13"]
[EventType "swiss"]
[EventRounds "9"]
[EventCountry "ESP"]
[SourceTitle "CBM 173 Extra"]
[Source "ChessBase"]
[SourceDate "2016.08.29"]
[SourceVersion "1"]
[SourceVersionDate "2016.08.29"]
[SourceQuality "1"]

1. d4 d5 2. Nf3 Nf6 3. g3 Bf5 4. Bg2 c6 5. 0-0 e6 6. b3 Bd6 7. Bb2 Nbd7 8. Nbd2 0-0 9. Ne5 h6 10. Re1 Bh7 11. e4 Bb4 12. c3 Ba5 13. b4 Bb6 14. Nxd7 Nxd7 15. Nb3 Bc7 16. a4 Nb6 17. Na5 Rb8 18. e5 Nd7 19. Nb3 f6 20. Bh3 f5 21. f4 Bg6 22. Ba3 Rf7 23. a5 b6 24. a6 Qc8 25. Bb2 Rf8 26. Kh1 Qe8 27. Bc1 Kh7 28. Rg1 Qe7 29. Ra2 b5 30. Be3 Nb6 31. Na5 Qd7 32. Bf1 Na4 33. Rxa4 bxa4 34. Qxa4 Bxa5 35. Qxa5 Bh5 36. h3 Bf3+ 37. Kh2 Rg8 38. Qa2 Be4 39. Qf2 g5 40. fxg5 hxg5 41. Qe2 Qf7 42. Qd2 f4 43. gxf4 gxf4 44. Qf2 Rxg1 45. Kxg1 Qg6+ 46. Kh2 fxe3 47. Qh4+ Kg8 0-1

[Event "Lille Luce op 7th"]
[Site "Lille"]
[Date "2016.04.13"]
[Round "7"]
[White "Bannink, Bernard"]
[Black "Fedorchuk, Sergey A"]
[Result "0-1"]
[WhiteElo "2228"]
[BlackElo "2623"]
[PlyCount "59"]
[EventDate "2016.04.09"]
[EventType "swiss"]
[EventRounds "7"]
[EventCountry "FRA"]
[SourceTitle "CBM 171 Extra"]
[Source "ChessBase"]
[SourceDate "2016.04.26"]
[SourceVersion "1"]
[SourceVersionDate "2016.04.26"]
[SourceQuality "1"]

1. d4 Nf6 2. Nf3 e6 3. Bg5 d6 4. Nbd2 h6 5. Bxf6 Qxf6 6. e4 g6 7. c3 Bg7 8. Bd3 Nd7 9. Qe2 a6 10. 0-0 0-0 11. Nc4 b5 12. e5 Qf4 13. g3 Qg4 14. Ne3 Qh5 15. Be4 Rb8 16. exd6 cxd6 17. h3 Qxh3 18. Nh4 Bb7 19. Bxb7 Rxb7 20. Qf3 d5 21. Rfe1 Nf6 22. Nhg2 g5 23. Nf1 Qg4 24. Qd3 Qh5 25. f3 Rb6 26. g4 Qh3 27. a4 b4 28. Re2 bxc3 29. bxc3 Rfb8 30. Ne1 0-1

[Event "Lille Luce op 7th"]
[Site "Lille"]
[Date "2016.04.12"]
[Round "5"]
[White "Bannink, Bernard"]
[Black "Adrien, Vincent"]
[Result "1/2-1/2"]
[WhiteElo "2228"]
[BlackElo "2024"]
[PlyCount "133"]
[EventDate "2016.04.09"]
[EventType "swiss"]
[EventRounds "7"]
[EventCountry "FRA"]
[SourceTitle "CBM 171 Extra"]
[Source "ChessBase"]
[SourceDate "2016.04.26"]
[SourceVersion "1"]
[SourceVersionDate "2016.04.26"]
[SourceQuality "1"]

1. d4 Nf6 2. Bg5 d5 3. Bxf6 exf6 4. e3 Bd6 5. c4 dxc4 6. Bxc4 Be6 7. Bxe6 fxe6 8. Qb3 Qc8 9. Nc3 c6 10. Nf3 Na6 11. 0-0 Qd7 12. Rac1 0-0-0 13. Rfd1 Kb8 14. Ne4 Ka8 15. Nxd6 Qxd6 16. e4 Rhf8 17. h3 h6 18. a3 Rf7 19. Rd2 Rfd7 20. Qc4 Kb8 21. b4 Qe7 22. Rdc2 Nc7 23. a4 a6 24. Qc5 Qxc5 25. Rxc5 Ne8 26. Re1 g6 27. b5 cxb5 28. axb5 axb5 29. Rxb5 Nc7 30. Rb3 Ka7 31. Reb1 b5 32. Rc1 Ra8 33. d5 exd5 34. exd5 Kb7 35. Rc6 Ra6 36. Rc5 Rad6 37. Nh4 Rxd5 38. Rxd5 Rxd5 39. Nxg6 Kb6 40. Ne7 Rd1+ 41. Kh2 Nd5 42. Nxd5+ Rxd5 43. Re3 Rd6 44. g4 b4 45. Kg3 Kc5 46. Kh4 Kc4 47. Kh5 Rd3 48. Re4+ Kc3 49. h4 b3 50. Re6 Rd4 51. Re3+ Kc2 52. f3 b2 53. Re2+ Rd2 54. Re1 Rh2 55. Kxh6 Rxh4+ 56. Kg6 Rh2 57. Kxf6 Rf2 58. g5 Rxf3+ 59. Kg7 Rd3 60. g6 Rd1 61. Re2+ Rd2 62. Re1 Kc3 63. Rb1 Kc2 64. Rxb2+ Kxb2 65. Kf7 Rg2 66. g7 Rxg7+ 67. Kxg7 1/2-1/2

[Event "Vienna op"]
[Site "Vienna"]
[Date "2015.08.22"]
[Round "8"]
[White "Bannink, Bernard"]
[Black "Stanec, Nikolaus"]
[Result "0-1"]
[WhiteElo "2258"]
[BlackElo "2474"]
[PlyCount "86"]
[EventDate "2015.08.15"]
[EventType "swiss"]
[EventRounds "9"]
[EventCountry "AUT"]
[SourceTitle "EXT 2016"]
[Source "ChessBase"]
[SourceDate "2015.10.08"]
[SourceVersion "1"]
[SourceVersionDate "2015.10.08"]
[SourceQuality "1"]

1. d4 Nf6 2. Bg5 g6 3. Bxf6 exf6 4. e3 d5 5. c4 dxc4 6. Bxc4 Bg7 7. Ne2 Nd7 8. Nbc3 f5 9. h4 Nf6 10. Nf4 Bh6 11. Qf3 0-0 12. 0-0-0 Qd6 13. g3 Bd7 14. h5 g5 15. Nfd5 Ne8 16. a3 c6 17. Nb4 Nf6 18. Kb1 Rae8 19. Nd3 Ne4 20. Nc5 Nxc3+ 21. bxc3 Bc8 22. Ka2 b6 23. Nb3 a5 24. d5 c5 25. Bb5 Bd7 26. Bxd7 Qxd7 27. g4 fxg4 28. Qf6 Bg7 29. Qxg5 h6 30. Qf4 f5 31. f3 a4 32. Nc1 b5 33. Rhg1 b4 34. axb4 cxb4 35. Qxb4 Rb8 36. Qa3 Qb5 37. Qb4 Qa6 38. Qf4 Qb6 39. Qb4 Qxe3 40. Qc4 Rfc8 41. Qd3 Qb6 42. Rg2 Rxc3 43. Qxf5 Qb4 0-1

[Event "Lille Luce op 6th"]
[Site "Lille"]
[Date "2015.05.09"]
[Round "8"]
[White "Coulon, Guillaume"]
[Black "Bannink, Bernard"]
[Result "0-1"]
[WhiteElo "2020"]
[BlackElo "2267"]
[PlyCount "36"]
[EventDate "2015.05.04"]
[EventType "swiss"]
[EventRounds "9"]
[EventCountry "FRA"]
[SourceTitle "EXT 2017"]
[Source "ChessBase"]
[SourceDate "2016.10.25"]
[SourceVersion "1"]
[SourceVersionDate "2016.10.25"]
[SourceQuality "1"]

1. e4 c5 2. Nf3 e6 3. d4 cxd4 4. Nxd4 Nc6 5. Nc3 Qc7 6. Ndb5 Qb8 7. Be3 a6 8. Nd4 Nf6 9. Be2 Bb4 10. 0-0 Qc7 11. f3 0-0 12. Nxc6 bxc6 13. Na4 d5 14. c3 Bd6 15. Bc5 Bxh2+ 16. Kh1 Bg3 17. Qd2 Nd7 18. Bxf8 Qd8 0-1

[Event "Lille Luce op 6th"]
[Site "Lille"]
[Date "2015.??.??"]
[Round "9.15"]
[White "Bannink, Bernard"]
[Black "Becuwe, Olivier"]
[Result "1-0"]
[WhiteElo "2267"]
[BlackElo "2083"]
[PlyCount "65"]
[EventDate "2015.05.04"]
[EventType "swiss"]
[EventRounds "9"]
[EventCountry "FRA"]
[SourceTitle "EXT 2017"]
[Source "ChessBase"]
[SourceDate "2016.10.25"]
[SourceVersion "1"]
[SourceVersionDate "2016.10.25"]
[SourceQuality "1"]

1. d4 Nf6 2. Bg5 c5 3. Bxf6 gxf6 4. d5 Qb6 5. Qc1 f5 6. e3 Bg7 7. c3 e6 8. Bc4 Qd6 9. Qd2 b5 10. Bxb5 Qxd5 11. Qxd5 exd5 12. Ne2 Ke7 13. Nd2 d6 14. 0-0-0 Bb7 15. Nf3 Be5 16. Nh4 Nc6 17. Nxf5+ Ke6 18. Nfg3 Ne7 19. Nh5 Rhg8 20. Nef4+ Bxf4 21. Nxf4+ Ke5 22. Rhe1 Ng6 23. g3 Rac8 24. Bf1 Ne7 25. Bg2 f5 26. c4 Rb8 27. Bxd5 Bxd5 28. Nxd5 Nc6 29. e4 fxe4 30. f3 Kf5 31. Rxe4 Rge8 32. Ne3+ Kg5 33. Rd5+ 1-0

[Event "Andorra op 32nd"]
[Site "La Massana"]
[Date "2014.07.21"]
[Round "3"]
[White "Bannink, Bernard"]
[Black "Mikkelsen, Nikolaj"]
[Result "1/2-1/2"]
[WhiteElo "2246"]
[BlackElo "2443"]
[PlyCount "64"]
[EventDate "2014.07.19"]
[EventType "swiss"]
[EventRounds "9"]
[EventCountry "AND"]
[SourceTitle "CBM 161 Extra"]
[Source "ChessBase"]
[SourceDate "2014.08.29"]
[SourceVersion "1"]
[SourceVersionDate "2014.08.29"]
[SourceQuality "1"]

1. d4 Nf6 2. Bg5 d5 3. Bxf6 exf6 4. e3 Nd7 5. c4 dxc4 6. Bxc4 Nb6 7. Bb3 Bd6 8. Nc3 Qe7 9. Nge2 0-0 10. 0-0 Bd7 11. Ng3 c5 12. dxc5 Bxc5 13. Nge4 Bb4 14. a3 Bxc3 15. Nxc3 Rfd8 16. Qe2 Be6 17. Bxe6 fxe6 18. Rfd1 Rac8 19. Rxd8+ Rxd8 20. h3 Nd5 21. Nxd5 Rxd5 22. Rd1 Qd6 23. Rxd5 Qxd5 24. Qc2 Qd7 25. g3 g6 26. h4 a6 27. Kg2 Kg7 28. e4 Kf7 29. Qc3 b6 30. f3 Ke7 31. e5 fxe5 32. Qxe5 Kf7 1/2-1/2

[Event "Lille Luce op 5th"]
[Site "Lille"]
[Date "2014.04.29"]
[Round "2"]
[White "Arizmendi Martinez, Julen Luis"]
[Black "Bannink, Bernard"]
[Result "1-0"]
[WhiteElo "2542"]
[BlackElo "2248"]
[PlyCount "71"]
[EventDate "2014.04.28"]
[EventType "swiss"]
[EventRounds "9"]
[EventCountry "FRA"]
[SourceTitle "CBM 160 Extra"]
[Source "ChessBase"]
[SourceDate "2014.07.01"]
[SourceVersion "1"]
[SourceVersionDate "2014.07.01"]
[SourceQuality "1"]

1. Nf3 d5 2. c4 c6 3. e3 Nf6 4. Nc3 a6 5. Qc2 b5 6. b3 g6 7. Bb2 Bf5 8. Bd3 Bxd3 9. Qxd3 Bg7 10. cxd5 Nxd5 11. 0-0-0 0-0 12. Nxd5 Bxb2+ 13. Kxb2 cxd5 14. Rc1 Qd6 15. Qc3 Ra7 16. d4 Nd7 17. Qc6 Qxc6 18. Rxc6 Rb8 19. Rhc1 e6 20. a3 Kf8 21. Ne5 Nxe5 22. dxe5 Rd8 23. Kc3 a5 24. Kd4 a4 25. b4 Rdd7 26. f4 Rab7 27. g4 f5 28. h3 fxg4 29. hxg4 Ke7 30. Rc8 Rd8 31. R1c7+ Rd7 32. Rc6 Rd8 33. R6c7+ Rd7 34. Rc5 Rb6 35. Rh8 Rbb7 36. Rcc8 1-0

[Event "SCO-ch 119th"]
[Site "Glasgow"]
[Date "2012.10.07"]
[Round "4"]
[White "Bannink, Bernard"]
[Black "McGowan, Daniel"]
[Result "1-0"]
[WhiteElo "2258"]
[BlackElo "2101"]
[PlyCount "87"]
[EventDate "2012.07.07"]
[EventType "swiss"]
[EventRounds "9"]
[EventCountry "SCO"]
[SourceTitle "CBM 149 Extra"]
[Source "ChessBase"]
[SourceDate "2012.08.24"]
[SourceVersion "1"]
[SourceVersionDate "2012.08.24"]
[SourceQuality "1"]

1. d4 e6 2. Nf3 Nf6 3. Bg5 Be7 4. Nbd2 d5 5. e3 Nbd7 6. Bd3 0-0 7. Qe2 b6 8. c3 Bb7 9. Bxf6 Nxf6 10. Ne5 Ne4 11. Nxe4 dxe4 12. Ba6 Bxa6 13. Qxa6 Qd6 14. 0-0 f5 15. Rad1 Bf6 16. f4 exf3 17. Nxf3 Qd5 18. b3 Be7 19. Qe2 Rae8 20. c4 Qe4 21. Nd2 Qh4 22. Rf3 Bd6 23. Rh3 Qe7 24. e4 e5 25. d5 fxe4 26. Nxe4 Rf7 27. Rf3 Ref8 28. Rdf1 Rxf3 29. Rxf3 Rxf3 30. Qxf3 Qh4 31. g3 Qh6 32. Kg2 Qg6 33. h4 h6 34. h5 Qe8 35. Qf5 Qe7 36. Qc8+ Kh7 37. Qf5+ Kg8 38. Kh3 Qf7 39. Kg4 Qe7 40. Qe6+ Qxe6+ 41. dxe6 Kf8 42. Kf5 Ke7 43. g4 c6 44. Kg6 1-0

[Event "Lille Luce op 3rd"]
[Site "Lille"]
[Date "2012.04.27"]
[Round "6"]
[White "Bannink, Bernard"]
[Black "Aryan, Chopra"]
[Result "1/2-1/2"]
[WhiteElo "2259"]
[BlackElo "1869"]
[PlyCount "66"]
[EventDate "2012.04.23"]
[EventType "swiss"]
[EventRounds "8"]
[EventCountry "FRA"]
[SourceTitle "CBM 148 Extra"]
[Source "ChessBase"]
[SourceDate "2012.06.22"]
[SourceVersion "1"]
[SourceVersionDate "2012.06.22"]
[SourceQuality "1"]

1. d4 d5 2. Nf3 Nf6 3. e3 e6 4. Bd3 c5 5. b3 Nc6 6. Bb2 Bd6 7. Nbd2 0-0 8. 0-0 Qe7 9. dxc5 Bxc5 10. e4 Nb4 11. Bxf6 Qxf6 12. e5 Qe7 13. Be2 Bd7 14. a3 Nc6 15. b4 Bb6 16. Bd3 f6 17. exf6 Qxf6 18. c4 Nd4 19. Rc1 Nxf3+ 20. Nxf3 Be8 21. cxd5 exd5 22. a4 a5 23. Bb5 Bf7 24. bxa5 Bxa5 25. Qd4 Qxd4 26. Nxd4 Bb6 27. Nb3 Be8 28. Nc5 Bxb5 29. axb5 Rac8 30. Nd3 Rxc1 31. Rxc1 Kf7 32. Kf1 Ke7 33. Ke2 Kd7 1/2-1/2

[Event "Lille Luce op 2nd"]
[Site "Lille"]
[Date "2011.05.01"]
[Round "9"]
[White "Bannink, Bernard"]
[Black "Griffon, Olivier"]
[Result "1-0"]
[WhiteElo "2264"]
[BlackElo "1925"]
[PlyCount "43"]
[EventDate "2011.04.25"]
[EventType "swiss"]
[EventRounds "9"]
[EventCountry "FRA"]
[SourceTitle "CBM 142 Extra"]
[Source "ChessBase"]
[SourceDate "2011.06.27"]
[SourceVersion "1"]
[SourceVersionDate "2011.06.27"]
[SourceQuality "1"]

1. d4 Nf6 2. Nf3 g6 3. Nc3 d5 4. Bf4 c6 5. e3 Bg7 6. Be2 0-0 7. Ne5 Nfd7 8. h4 f6 9. Nxd7 Nxd7 10. h5 g5 11. h6 Bh8 12. Bg3 e5 13. Qd2 Nb6 14. 0-0-0 Qe7 15. dxe5 fxe5 16. f4 e4 17. fxg5 Qxg5 18. Bf4 Qe7 19. Qe1 Rxf4 20. Qg3+ Rg4 21. Bxg4 Bxg4 22. Qxg4+ 1-0

[Event "Lille Luce op 2nd"]
[Site "Lille"]
[Date "2011.04.28"]
[Round "5"]
[White "Bannink, Bernard"]
[Black "Starostits, Ilmars"]
[Result "0-1"]
[WhiteElo "2264"]
[BlackElo "2486"]
[PlyCount "66"]
[EventDate "2011.04.25"]
[EventType "swiss"]
[EventRounds "9"]
[EventCountry "FRA"]
[SourceTitle "CBM 142 Extra"]
[Source "ChessBase"]
[SourceDate "2011.06.27"]
[SourceVersion "1"]
[SourceVersionDate "2011.06.27"]
[SourceQuality "1"]

1. d4 d5 2. Nf3 Nc6 3. e3 Bf5 4. Bb5 e6 5. Bxc6+ bxc6 6. c4 f6 7. Nc3 g5 8. 0-0 Ne7 9. Re1 Ng6 10. Qa4 Qd7 11. cxd5 cxd5 12. Qxd7+ Kxd7 13. e4 dxe4 14. Nxe4 Bxe4 15. Rxe4 Bd6 16. Bd2 Rhb8 17. b3 a5 18. Rae1 a4 19. Rxe6 axb3 20. axb3 g4 21. Rxf6 gxf3 22. Rxf3 Rf8 23. Rxf8 Rxf8 24. g3 Kc6 25. h4 Kd5 26. Be3 Ne7 27. Ra1 Nf5 28. Ra5+ Ke4 29. Bg5 Kf3 30. d5 Re8 31. Bf4 Re1+ 32. Kh2 Bxf4 33. gxf4 Nh6 0-1

[Event "Dresden ZMD op"]
[Site "Dresden"]
[Date "2010.07.15"]
[Round "6"]
[White "Bannink, Bernard"]
[Black "Herrich, Christoph"]
[Result "1-0"]
[WhiteElo "2270"]
[BlackElo "2044"]
[PlyCount "97"]
[EventDate "2010.07.10"]
[EventType "swiss"]
[EventRounds "9"]
[EventCountry "GER"]
[SourceTitle "CBM 137 Extra"]
[Source "ChessBase"]
[SourceDate "2010.09.01"]
[SourceVersion "1"]
[SourceVersionDate "2010.09.01"]
[SourceQuality "1"]

1. d4 Nf6 2. Bg5 d5 3. Bxf6 exf6 4. e3 Bd6 5. c4 dxc4 6. Bxc4 f5 7. Nf3 Nd7 8. Nc3 0-0 9. 0-0 c6 10. Qc2 Nf6 11. Rfd1 Qe7 12. a3 g6 13. b4 Bd7 14. Bf1 Rfe8 15. g3 Rac8 16. Bg2 Kg7 17. Qb2 Kg8 18. Ne2 Ne4 19. Nc1 Be6 20. Nd3 g5 21. h4 h6 22. hxg5 hxg5 23. Nd2 Bd5 24. Nxe4 fxe4 25. Nc5 f5 26. Kf1 Qf7 27. Rdc1 b6 28. Na4 f4 29. gxf4 gxf4 30. Ke1 fxe3 31. fxe3 Rf8 32. Qe2 Bg3+ 33. Kd2 Qg6 34. Rf1 Rxf1 35. Rxf1 Rf8 36. Nc3 Rxf1 37. Qxf1 Qe6 38. Bh3 Qg6 39. Qf5 Kg7 40. Qd7+ Qf7 41. Qxf7+ Kxf7 42. Bf5 a5 43. Bxe4 Ke6 44. b5 Kd6 45. bxc6 Bxc6 46. Bxc6 Kxc6 47. a4 Bd6 48. Kd3 Bh2 49. Kc4 1-0

[Event "Dresden ZMD op"]
[Site "Dresden"]
[Date "2010.07.11"]
[Round "2"]
[White "Bannink, Bernard"]
[Black "Hansch, Klaus Michael"]
[Result "1-0"]
[WhiteElo "2270"]
[BlackElo "1963"]
[PlyCount "31"]
[EventDate "2010.07.10"]
[EventType "swiss"]
[EventRounds "9"]
[EventCountry "GER"]
[SourceTitle "CBM 137 Extra"]
[Source "ChessBase"]
[SourceDate "2010.09.01"]
[SourceVersion "1"]
[SourceVersionDate "2010.09.01"]
[SourceQuality "1"]

1. d4 d5 2. Nf3 Nf6 3. e3 e6 4. Bd3 c5 5. b3 Nc6 6. 0-0 Be7 7. Bb2 0-0 8. Nbd2 b6 9. Ne5 Bb7 10. f4 Rc8 11. Nxc6 Bxc6 12. Qe2 Qe8 13. Kh1 b5 14. dxc5 Bxc5 15. Bxf6 gxf6 16. Bxh7+ 1-0